000 00874nam1a22002171i 4500
001 rc\1017978
005 20260407094155.0
035 _a(NLR Aleph) 006247729
090 _a6723967
_c6723967
100 _a20041129g19819999u |0rusy50 ca
101 0 _arus
102 _aRU
105 _ay |||||||||
200 1 _aМетодические рекомендации по проведению полевых и лабораторных опытов по земледелию и растениеводству
_e[Сборник]
_fВНИИ зернового хоз-ва
210 _aЦелиноград
_cБ. и.
_d1981-
215 _d20
712 0 2 _aВНИИ зернового хозяйства
_cст. Шортанды, Целиногр. обл.
_9332587
_3RU\NLR\AUTH\889918232
801 0 _aRU
_bNLR
_gpsbo
801 1 _aRU
_bELAR
_2rusmarc
852 _aNLR
_j82-4/9816
942 _cBOOK